Rembrandt Rembrandt : [anlässlich der Ausstellung "Rembrandt Rembrandt" ... vom 1. Februar bis zum 11. Mai 2003 im Städelschen Kunstinstitut Frankfurt ...]
Saved in:
| Other Authors: | |
|---|---|
| Document Type: | Conference Proceeding Book |
| Language: | German |
| Published: |
Wolfratshausen
: Ed. Minerva
, 2003
|
| Subjects: | |
| Online Access: | Inhaltsverzeichnis Rezension Rezension Rezension Inhaltsverzeichnis |
| Related Items: | Rezensiert in:
[Rezension von: Jeroen Giltaij, Rembrandt Rembrandt] |
| Author Notes: | Städelsches Kunstinstitut und Städtische Galerie Frankfurt am Main; Kyoto National Museum. [Autor: Jeroen Giltaij] |
| LEADER | 05441cam a2200937 c 4500 | ||
|---|---|---|---|
| 001 | 360721370 | ||
| 003 | DE-627 | ||
| 005 | 20260611225536.0 | ||
| 007 | tu | ||
| 008 | 030217s2003 gw ||||| c 00| ||ger c | ||
| 015 | |a 03,A19,1738 |2 dnb | ||
| 016 | 7 | |a 967233453 |2 DE-101 | |
| 020 | |a 3932353706 |9 3-932353-70-6 | ||
| 035 | |a (DE-627)360721370 | ||
| 035 | |a (DE-603)110468686 | ||
| 035 | |a (DE-576)10392759X | ||
| 035 | |a (DE-599)GBV360721370 | ||
| 035 | |a (OCoLC)1532713297 | ||
| 035 | |a (OCoLC)314141706 | ||
| 035 | |a (OCoLC)615128636 | ||
| 035 | |a (OCoLC)237716883 | ||
| 040 | |a DE-627 |b ger |c DE-627 |e rakwb | ||
| 041 | |a ger | ||
| 044 | |c XA-DE |c XA-NL | ||
| 082 | 0 | 4 | |a 46 |
| 084 | |a 46 |2 sdnb | ||
| 084 | |a 9,10 |2 ssgn | ||
| 084 | |a LH 42800 |q OBV |2 rvk |0 (DE-625)rvk/93484: | ||
| 084 | |a LI 71000 |2 rvk |0 (DE-625)rvk/96918:13278 | ||
| 084 | |a LI 71005 |2 rvk |0 (DE-625)rvk/96918:13283 | ||
| 084 | |a 20.31 |2 bkl | ||
| 090 | |a a | ||
| 245 | 0 | 0 | |a Rembrandt Rembrandt |b [anlässlich der Ausstellung "Rembrandt Rembrandt" ... vom 1. Februar bis zum 11. Mai 2003 im Städelschen Kunstinstitut Frankfurt ...] |c Städelsches Kunstinstitut und Städtische Galerie Frankfurt am Main; Kyoto National Museum. [Autor: Jeroen Giltaij] |
| 264 | 1 | |a Wolfratshausen |b Ed. Minerva |c 2003 | |
| 300 | |a 251 S. |b zahlr. Ill. |c 29 cm | ||
| 336 | |a Text |b txt |2 rdacontent | ||
| 336 | |a unbewegtes Bild |b sti |2 rdacontent | ||
| 337 | |a ohne Hilfsmittel zu benutzen |b n |2 rdamedia | ||
| 338 | |a Band |b nc |2 rdacarrier | ||
| 500 | |a Literaturangaben | ||
| 505 | 8 | |a Literaturverz. S. 250 | |
| 583 | 1 | |a Archivierung/Langzeitarchivierung gewährleistet |f SSG |x XA-DE-BW |2 pdager |5 DE-16 | |
| 583 | 1 | |a Archivierung prüfen |c 20240324 |f DE-4165 |z 3 |2 pdager | |
| 600 | 0 | 7 | |0 (DE-588)11859964X |0 (DE-627)133823814 |0 (DE-576)317885871 |a Rembrandt |c Harmensz van Rijn |d 1606-1669 |2 gnd |
| 600 | 1 | 4 | |a Rembrandt <Harmensz van Rijn> |
| 650 | 0 | 7 | |0 (DE-588)4037220-0 |0 (DE-627)10623871X |0 (DE-576)209022892 |a Malerei |2 gnd |
| 650 | 4 | |a Malerei | |
| 650 | 4 | |a Ausstellung | |
| 651 | 4 | |a Frankfurt <Main, 2003> | |
| 655 | 7 | |a Konferenzschrift |0 (DE-588)1071861417 |0 (DE-627)826484824 |0 (DE-576)433375485 |2 gnd-content | |
| 655 | 7 | |a Ausstellungskatalog |x Städelsches Kunstinstitut |y 01.02.-11.05.2003 |0 (DE-588)4135467-9 |0 (DE-627)10566491X |0 (DE-576)209660988 |2 gnd-content | |
| 655 | 7 | |a Ausstellungskatalog |y 2003 |z Frankfurt, Main |0 (DE-588)4135467-9 |0 (DE-627)10566491X |0 (DE-576)209660988 |2 gnd-content | |
| 689 | 0 | 0 | |d p |0 (DE-588)11859964X |0 (DE-627)133823814 |0 (DE-576)317885871 |a Rembrandt |c Harmensz van Rijn |d 1606-1669 |2 gnd |
| 689 | 0 | 1 | |d s |0 (DE-588)4037220-0 |0 (DE-627)10623871X |0 (DE-576)209022892 |a Malerei |2 gnd |
| 689 | 0 | |5 DE-101 | |
| 700 | 1 | |a Giltaij, Jeroen |d 1945- |e Hrsg. |0 (DE-588)1027843166 |0 (DE-627)729901645 |0 (DE-576)166018104 |4 edt | |
| 700 | 0 | |a Rembrandt |c Harmensz van Rijn |d 1606-1669 |e Ill. |0 (DE-588)11859964X |0 (DE-627)133823814 |0 (DE-576)317885871 |4 ill | |
| 700 | 1 | |a Maek-Gérard, Michael |4 oth | |
| 710 | 2 | |a Städelsches Kunstinstitut |0 (DE-588)2022703-6 |0 (DE-627)102107157 |0 (DE-576)191755923 |4 oth | |
| 710 | 2 | |a Kyōto Kokuritsu Hakubutsukan |0 (DE-588)128231-1 |0 (DE-627)102360030 |0 (DE-576)190696257 |4 oth | |
| 711 | 2 | |a Ausstellung Rembrandt Rembrandt |d 2003 |c Frankfurt, Main |0 (DE-588)10053757-1 |0 (DE-627)363953663 |0 (DE-576)199434468 |4 oth | |
| 787 | 0 | 8 | |i Rezensiert in |a Tümpel, Christian, 1937 - 2009 |t [Rezension von: Jeroen Giltaij, Rembrandt Rembrandt] |d 2004 |w (DE-627)1919833196 |
| 856 | 4 | 2 | |u https://swbplus.bsz-bw.de/bsz10392759xinh.htm |m B:DE-576;DE-16 |q application/pdf |v 20091203112700 |x Verlag |3 Inhaltsverzeichnis |7 1 |
| 856 | 4 | 2 | |u https://swbplus.bsz-bw.de/bsz10392759xrez.htm |m V:DE-576 |v 2005-05-24 |3 Rezension |7 1 |
| 856 | 4 | 2 | |u http://www.sehepunkte.de/2004/02/2295.html |m V:DE-576;X:Sehepunkte |q text/html |v 20180424122846 |3 Rezension |7 1 |
| 856 | 4 | 2 | |u http://scans.hebis.de/HEBCGI/show.pl?11046868_rez.pdf |m V:DE-576 |q application/pdf |3 Rezension |7 1 |
| 856 | 4 | 2 | |u http://scans.hebis.de/HEBCGI/show.pl?11046868_toc.pdf |m B:DE-612 |q application/pdf |3 Inhaltsverzeichnis |7 1 |
| 889 | |w (DE-627)1695441974 | ||
| 935 | |i sf | ||
| 935 | |i Blocktest | ||
| 936 | r | v | |a LH 42800 |b Frankfurt (Main) |k Kunstgeschichte |k Allgemeines. Allgemeine Kunstgeschichte |k Ausstellungswesen, Ausstellungskataloge |k Ausstellungskataloge |k Orte F |k Frankfurt (Main) |0 (DE-627)1270636472 |0 (DE-625)rvk/93484: |0 (DE-576)200636472 |
| 936 | r | v | |a LI 71000 |b Werkverzeichnisse, Ausstellungskataloge. Personalbibliografien |k Kunstgeschichte |k Künstler-Monografien |k Alphabetische Künstlerliste |k Künstler R |k Rembrandt Harmensz. van Rijn (bis 71010) |k Werkverzeichnisse, Ausstellungskataloge. Personalbibliografien |0 (DE-627)1270638432 |0 (DE-625)rvk/96918:13278 |0 (DE-576)200638432 |
| 936 | r | v | |a LI 71005 |b Biografien, Werkdarstellungen, Gedenkreden und andere Gesamtwürdigungen (Sammelwerke, Festschriften etc.) |k Kunstgeschichte |k Künstler-Monografien |k Alphabetische Künstlerliste |k Künstler R |k Rembrandt Harmensz. van Rijn (bis 71010) |k Biografien, Werkdarstellungen, Gedenkreden und andere Gesamtwürdigungen (Sammelwerke, Festschriften etc.) |0 (DE-627)1270700383 |0 (DE-625)rvk/96918:13283 |0 (DE-576)200700383 |
| 936 | b | k | |a 20.31 |j Bildende Künstler |0 (DE-627)181571080 |
| 936 | s | n | |a l300 |2 mzub |
| 936 | s | n | |a i100 |2 mzub |
| 951 | |a BO | ||
| 990 | |a Rembrandt <Harmensz van Rijn> | ||
| 990 | |a Malerei | ||
| 991 | |a Rezensiertes Werk | ||
| 999 | |a KXP-PPN360721370 |e 4988406954 | ||


